| 000 | 00931nab a2200241 u 4500 | ||
|---|---|---|---|
| 001 | 12993 | ||
| 003 | HDC | ||
| 007 | cr bn ---aaaaa | ||
| 008 | 210211c my dr|nes 0 eng d | ||
| 040 | _aHDC | ||
| 245 | 0 |
_aTEKS UCAPAN MENTERI BESAR PERLIS YAB DATO' SERI AZLAN BIN MAN SEMPENA PERASMIAN "SEMINAR ON BUSINESS OPPORTUNITIES IN PERLIS" : _bDI HOTEL SERI MALAYSIA, KANGAR 31 MEI 2016 (SELASA) JAM 9.00 PAGI |
|
| 260 |
_a[no place] : _b[publisher not identified], _c[no year] |
||
| 336 |
_atext _2rdacontent |
||
| 337 |
_acomputer _2rdamedia |
||
| 338 |
_aonline resource _2rdacarrier |
||
| 650 |
_aBusiness opportunities _95958 |
||
| 650 |
_aBusiness _9207 |
||
| 710 | _aBernama Mrem | ||
| 856 | _zRequest full-text at [email protected] | ||
| 942 | _2lcc | ||
| 942 | _cNEWS | ||
| 942 | _kNWSO 002783 | ||
| 999 |
_c10309 _d10309 |
||